| 000 | 00000nam 2200000zi 4500 |
| 001 | 9.930861 |
| 003 | CaOODSP |
| 005 | 20240123092606 |
| 006 | m o d f |
| 007 | cr mn||||||||| |
| 008 | 231124t20232023quca ob f000 0 eng d |
| 020 | |a9780660690308 |
| 040 | |aCaOODSP|beng|erda|cCaOODSP |
| 043 | |an-cn--- |
| 086 | 1 |aEn4-625/2023E-PDF |
| 245 | 02|aA regulatory framework to cap oil and gas sector greenhouse gas emissions. |
| 264 | 1|aGatineau Quebec : |bEnvironment and Climate Change Canada = Environnement et changement climatique Canada, |c[2023] |
| 264 | 4|c©2023 |
| 300 | |a1 online resource (iii, 13 pages) : |bcolour illustration |
| 336 | |atext|btxt|2rdacontent |
| 337 | |acomputer|bc|2rdamedia |
| 338 | |aonline resource|bcr|2rdacarrier |
| 500 | |aIssued also in French under title: Cadre réglementaire pour plafonner les émissions de gaz à effet de serre du secteur pétrolier et gazier. |
| 500 | |a"EC23045"--Verso of cover. |
| 504 | |aIncludes bibliographical references. |
| 650 | 0|aGreenhouse gas mitigation|xLaw and legislation|zCanada. |
| 650 | 0|aCarbon dioxide mitigation|xLaw and legislation|zCanada. |
| 650 | 0|aPetroleum industry and trade|xEnvironmental aspects|xLaw and legislation|zCanada. |
| 650 | 0|aGas industry|xEnvironmental aspects|xLaw and legislation|zCanada. |
| 710 | 1 |aCanada. |bEnvironment and Climate Change Canada, |eissuing body. |
| 775 | 08|tCadre réglementaire pour plafonner les émissions de gaz à effet de serre du secteur pétrolier et gazier.|w(CaOODSP)9.930862 |
| 856 | 40|qPDF|s414 KB|uhttps://publications.gc.ca/collections/collection_2024/eccc/en4/En4-625-2023-eng.pdf |
| 856 | 4 |qHTML|sN/A|uhttps://www.canada.ca/en/services/environment/weather/climatechange/climate-plan/oil-gas-emissions-cap/regulatory-framework.html |
| 986 | |aEC23045 |